000 00524ntaaa2200193 4500
003 01
005 20251027202649.0
008 0714s1973 ag 01
040 _aAR-BaBN
_bspa
_cAR-BaBN
_eaacr
_dRIC
082 _a393.2000 Ir4
100 _aIrion, Paul E
_926138
245 _aCremation
250 _a1 ed.
260 _aPhiladelphia :
_bFortress Press,
_cc1968
300 _a152 p
500 _aLa cremación vista desde el punto de vista teológico y psicológico
650 _ateología-cremación
_926139
942 _cBK
999 _c21826
_d21826